000 00331nam a22001577a 4500
003 SGT
020 _a978-81-239-2334-5
082 _a610.92, P14P
100 _aPAUL, VINOD K.
245 _aESSENTIAL PEDIATRICS
250 _a8TH
260 _aDELHI
_bCBS
_c2014
300 _a783
650 _aPEDIATRICS
942 _2ddc
_cBK
_010
999 _c8959
_d8959